000 00710cas a2200241 a 4500
008
020 _a9780435756208 (pbk.)
049 _aMAIN
090 _aTA153
_bTOO
100 _aTooley, Mike.
245 0 0 _aEngineering :
_blevel 2 higher diploma /
_cMike Tooley, Mike Deacon [and] Nik O'Dwyer.
260 _aHarlow :
_bPearson education,
_c2008.
300 _aix, 231 p. :
_bcol .ill. ;
_c27cm.
500 _aIncludes index.
650 0 _aEngineering
_xexaminations.
700 _aO`Dwyer, Nik.
700 _aDeacon, Mike.
907 _a.b10338767
_b16-01-15
_c17-12-13
003
005 20230123122044.0
040 _cNUST
942 _cBOOKS
_kTA153
_mTOO
999 _c127029
_d127029